Pharmacology for the Physical Therapist (Record no. 5949)

MARC details
000 -LEADER
fixed length control field 01375cam a22003734a 4500
001 - CONTROL NUMBER
control field 15193944
003 - CONTROL NUMBER IDENTIFIER
control field OSt
005 - DATE AND TIME OF LATEST TRANSACTION
control field 20180427181831.0
008 - FIXED-LENGTH DATA ELEMENTS--GENERAL INFORMATION
fixed length control field 080222s2009 nyua b 001 0 eng
010 ## - LIBRARY OF CONGRESS CONTROL NUMBER
LC control number 2008008580
015 ## - NATIONAL BIBLIOGRAPHY NUMBER
National bibliography number GBA865573
Source bnb
016 7# - NATIONAL BIBLIOGRAPHIC AGENCY CONTROL NUMBER
Record control number 101466858
Source DNLM
016 7# - NATIONAL BIBLIOGRAPHIC AGENCY CONTROL NUMBER
Record control number 014613893
Source Uk
020 ## - INTERNATIONAL STANDARD BOOK NUMBER
International Standard Book Number 9780071460439 (hbk. : alk. paper)
020 ## - INTERNATIONAL STANDARD BOOK NUMBER
International Standard Book Number 0071460438 (hbk. : alk. paper)
035 ## - SYSTEM CONTROL NUMBER
System control number (OCoLC)212399926
035 ## - SYSTEM CONTROL NUMBER
System control number (OCoLC)ocn212399926
040 ## - CATALOGING SOURCE
Original cataloging agency DNLM/DLC
Transcribing agency DLC
Modifying agency NLM
-- BAKER
-- BTCTA
-- UKM
-- YDXCP
-- C#P
-- CDX
-- DLC
042 ## - AUTHENTICATION CODE
Authentication code pcc
050 00 - LIBRARY OF CONGRESS CALL NUMBER
Classification number RM300
Item number .P5196 2009
082 ## - DEWEY DECIMAL CLASSIFICATION NUMBER
Classification number QV 4
Item number P494p 2009
100 ## - MAIN ENTRY--PERSONAL NAME
Personal name Peter C. Panus [et...al]
9 (RLIN) 12638
245 00 - TITLE STATEMENT
Title Pharmacology for the Physical Therapist
260 ## - PUBLICATION, DISTRIBUTION, ETC. (IMPRINT)
Place of publication, distribution, etc. New York :
Name of publisher, distributor, etc. McGraw-Hill Medical,
Date of publication, distribution, etc. 2009.
300 ## - PHYSICAL DESCRIPTION
Extent ix, 608 p. :
Other physical details ill. ;
Dimensions 25 cm.
504 ## - BIBLIOGRAPHY, ETC. NOTE
Bibliography, etc Includes bibliographical references and index.
650 #0 - SUBJECT ADDED ENTRY--TOPICAL TERM
Topical term or geographic name as entry element Pharmacology.
9 (RLIN) 357
650 #0 - SUBJECT ADDED ENTRY--TOPICAL TERM
Topical term or geographic name as entry element Physical therapy.
9 (RLIN) 2407
856 42 - ELECTRONIC LOCATION AND ACCESS
Materials specified Contributor biographical information
Uniform Resource Identifier http://www.loc.gov/catdir/enhancements/fy0827/2008008580-b.html
856 42 - ELECTRONIC LOCATION AND ACCESS
Materials specified Publisher description
Uniform Resource Identifier http://www.loc.gov/catdir/enhancements/fy0827/2008008580-d.html
856 41 - ELECTRONIC LOCATION AND ACCESS
Materials specified Table of contents only
Uniform Resource Identifier http://www.loc.gov/catdir/enhancements/fy0827/2008008580-t.html
906 ## - LOCAL DATA ELEMENT F, LDF (RLIN)
a 7
b cbc
c orignew
d 1
e ecip
f 20
g y-gencatlg
942 ## - ADDED ENTRY ELEMENTS (KOHA)
Source of classification or shelving scheme Other/Generic Classification Scheme
Koha item type Short Loan
Holdings
Withdrawn status Lost status Source of classification or shelving scheme Damaged status Not for loan Home library Current library Date acquired Source of acquisition Inventory number Total Checkouts Full call number Barcode Date last seen Price effective from Koha item type
    Other/Generic Classification Scheme     MUST Main Library MUST Main Library 17/01/2018   2017/40513   QV 4 P494p 2009 2018-0012 17/01/2018 17/01/2018 Short Loan
    Other/Generic Classification Scheme     MUST Main Library MUST Main Library 30/01/2018   2017/40512   QV 4 P494p 2009 2018-0060 30/01/2018 30/01/2018 Short Loan